{"text_format":"3","workbook":"xlsx","n_sheets":1,"sheets":["t373"],"read":"whole","date_system":"1900"}

{"sheet":"t373","index":0,"n_rows":187,"n_cols":7,"rows_kept":187,"merged":[[0,0,0,6],[28,0,28,5],[43,0,43,5],[152,0,152,5]]}
["TABELA 373.1 - Estatísticas Agrícolas, Município de Nova Odessa, Estado de São Paulo, 2016/17."]
["ITEM","UNIDADE","N.DE UPAs","MÍNIMO","MÉDIO","MÁXIMO","TOTAL"]
["Distância à sede do município","km",116,{"v":1,"d":"1.0"},{"v":6.91,"d":"6.9"},{"v":45,"d":"45.0"},"-"]
["Área total","hectare",116,0.6,{"v":34.52,"d":"34.5"},840.9,{"v":4004,"d":"4,004.0"}]
["Área com cultura perene","hectare",2,3.2,{"v":3.35,"d":"3.4"},3.5,6.7]
["Área com cultura temporária","hectare",63,0.2,{"v":25.03,"d":"25.0"},{"v":190,"d":"190.0"},{"v":1576.7,"d":"1,576.7"}]
["Área com pastagem","hectare",38,{"v":1,"d":"1.0"},{"v":31.27,"d":"31.3"},{"v":465,"d":"465.0"},{"v":1188.4,"d":"1,188.4"}]
["Área com reflorestamento","hectare",2,2.5,{"v":14.05,"d":"14.1"},25.6,28.1]
["Área com vegetação natural","hectare",56,0.4,{"v":7.42,"d":"7.4"},{"v":113,"d":"113.0"},415.7]
["Área com vegetação de brejo e várzea","hectare",22,0.3,{"v":6.44,"d":"6.4"},{"v":54,"d":"54.0"},141.6]
["Área em descanso","hectare",15,1.1,{"v":21.69,"d":"21.7"},{"v":95,"d":"95.0"},325.4]
["Área complementar","hectare",86,0.2,{"v":3.74,"d":"3.7"},{"v":38,"d":"38.0"},321.4]
["Área das UPAs com (0, 1] ha","hectare",3,0.6,{"v":0.83,"d":"0.8"},{"v":1,"d":"1.0"},2.5]
["Área das UPAs com (1, 2] ha","hectare",1,{"v":2,"d":"2.0"},{"v":2,"d":"2.0"},{"v":2,"d":"2.0"},{"v":2,"d":"2.0"}]
["Área das UPAs com (2, 5] ha","hectare",21,2.1,{"v":3.64,"d":"3.6"},{"v":5,"d":"5.0"},76.5]
["Área das UPAs com (5, 10] ha","hectare",18,5.1,{"v":7.44,"d":"7.4"},{"v":10,"d":"10.0"},133.9]
["Área das UPAs com (10, 20] ha","hectare",35,10.4,14.1,19.7,493.4]
["Área das UPAs com (20, 50] ha","hectare",24,{"v":21,"d":"21.0"},31.3,48.5,751.2]
["Área das UPAs com (50, 100] ha","hectare",8,53.2,{"v":63.56,"d":"63.6"},79.3,508.5]
["Área das UPAs com (100, 200] ha","hectare",2,{"v":124,"d":"124.0"},{"v":126.65,"d":"126.7"},129.3,253.3]
["Área das UPAs com (200, 500] ha","hectare",3,{"v":231,"d":"231.0"},{"v":313.93,"d":"313.9"},442.6,941.8]
["Área das UPAs com (500, 1.000] ha","hectare",1,840.9,840.9,840.9,840.9]
["Área das UPAs com (1.000, 2.000] ha","hectare","-","-","-","-","-"]
["Área das UPAs com (2.000, 5.000] ha","hectare","-","-","-","-","-"]
["Área das UPAs com (5.000, 10.000] ha","hectare","-","-","-","-","-"]
["Área das UPAs acima de 10.000 ha","hectare","-","-","-","-","-"]
["Fonte: Secretaria de Agricultura e Abastecimento, CDRS/IEA, Projeto LUPA."]
[]
["TABELA 373.2 - Explorações Animais, Município de Nova Odessa, Estado de São Paulo, 2016/17."]
["ITEM","UNIDADE","N.DE UPAs","MÍNIMO","MÉDIO","MÁXIMO","TOTAL"]
["Avicultura de corte","cabecas/ano",3,{"v":300,"d":"300.0"},{"v":600,"d":"600.0"},{"v":1200,"d":"1,200.0"},{"v":1800,"d":"1,800.0"}]
["Bovinocultura de corte","cabecas",15,{"v":5,"d":"5.0"},{"v":38.87,"d":"38.9"},{"v":264,"d":"264.0"},{"v":583,"d":"583.0"}]
["Bovinocultura leiteira","cabecas",7,{"v":5,"d":"5.0"},{"v":50.71,"d":"50.7"},{"v":272,"d":"272.0"},{"v":355,"d":"355.0"}]
["Bovinocultura mista","cabecas",1,{"v":15,"d":"15.0"},{"v":15,"d":"15.0"},{"v":15,"d":"15.0"},{"v":15,"d":"15.0"}]
["Bubalinocultura","cabecas",1,{"v":60,"d":"60.0"},{"v":60,"d":"60.0"},{"v":60,"d":"60.0"},{"v":60,"d":"60.0"}]
["Caprinocultura","cabecas",2,{"v":18,"d":"18.0"},{"v":24,"d":"24.0"},{"v":30,"d":"30.0"},{"v":48,"d":"48.0"}]
["Equinocultura","cabecas",5,{"v":3,"d":"3.0"},30.6,{"v":122,"d":"122.0"},{"v":153,"d":"153.0"}]
["Minhocultura","canteiros",1,{"v":80,"d":"80.0"},{"v":80,"d":"80.0"},{"v":80,"d":"80.0"},{"v":80,"d":"80.0"}]
["Ovinocultura","cabecas",1,{"v":201,"d":"201.0"},{"v":201,"d":"201.0"},{"v":201,"d":"201.0"},{"v":201,"d":"201.0"}]
["Piscicultura","m2 tanques",3,{"v":1,"d":"1.0"},{"v":2.43,"d":"2.4"},{"v":4,"d":"4.0"},7.3]
["Suinocultura","cabecas",2,{"v":12,"d":"12.0"},{"v":326,"d":"326.0"},{"v":640,"d":"640.0"},{"v":652,"d":"652.0"}]
["Fonte: Secretaria de Agricultura e Abastecimento, CDRS/IEA, Projeto LUPA."]
[]
["TABELA 373.3 -  Máquinas, Implementos e Benfeitorias, Município de Nova Odessa, Estado de São Paulo, 2016/17."]
["ITEM","UNIDADE","N.DE UPAs","MÍNIMO","MÉDIO","MÁXIMO","TOTAL"]
["Arado comum (bacia, aiveca)","unidade",14,{"v":1,"d":"1.0"},{"v":1.21,"d":"1.2"},{"v":3,"d":"3.0"},{"v":17,"d":"17.0"}]
["Arado escarificador","unidade",9,{"v":1,"d":"1.0"},{"v":1,"d":"1.0"},{"v":1,"d":"1.0"},{"v":9,"d":"9.0"}]
["Arado subsolador","unidade",14,{"v":1,"d":"1.0"},{"v":1.07,"d":"1.1"},{"v":2,"d":"2.0"},{"v":15,"d":"15.0"}]
["Camara fria","unidade",1,{"v":1,"d":"1.0"},{"v":1,"d":"1.0"},{"v":1,"d":"1.0"},{"v":1,"d":"1.0"}]
["Carregadeira de cana","unidade",2,{"v":1,"d":"1.0"},{"v":1,"d":"1.0"},{"v":1,"d":"1.0"},{"v":2,"d":"2.0"}]
["Carreta de trator","unidade",23,{"v":1,"d":"1.0"},{"v":1.65,"d":"1.7"},{"v":6,"d":"6.0"},{"v":38,"d":"38.0"}]
["Colhedeira acoplada","unidade",1,{"v":2,"d":"2.0"},{"v":2,"d":"2.0"},{"v":2,"d":"2.0"},{"v":2,"d":"2.0"}]
["Colhedeira automotriz","unidade",3,{"v":1,"d":"1.0"},{"v":1.67,"d":"1.7"},{"v":3,"d":"3.0"},{"v":5,"d":"5.0"}]
["Computador","unidade",20,{"v":1,"d":"1.0"},{"v":4.45,"d":"4.5"},{"v":60,"d":"60.0"},{"v":89,"d":"89.0"}]
["Conj.irrigacao autopropelido","unidade",1,{"v":1,"d":"1.0"},{"v":1,"d":"1.0"},{"v":1,"d":"1.0"},{"v":1,"d":"1.0"}]
["Conj.irrigacao convencional","unidade",4,{"v":1,"d":"1.0"},{"v":1,"d":"1.0"},{"v":1,"d":"1.0"},{"v":4,"d":"4.0"}]
["Conj.irrigacao/gotejamento/microaspersao","unidade",4,{"v":1,"d":"1.0"},{"v":7,"d":"7.0"},{"v":24,"d":"24.0"},{"v":28,"d":"28.0"}]
["Conjunto de fenacao","unidade",1,{"v":1,"d":"1.0"},{"v":1,"d":"1.0"},{"v":1,"d":"1.0"},{"v":1,"d":"1.0"}]
["Desintegrador, picador, triturador","unidade",7,{"v":1,"d":"1.0"},{"v":1,"d":"1.0"},{"v":1,"d":"1.0"},{"v":7,"d":"7.0"}]
["Distribuidor de calcario","unidade",13,{"v":1,"d":"1.0"},{"v":1.15,"d":"1.2"},{"v":2,"d":"2.0"},{"v":15,"d":"15.0"}]
["Ensiladeira","unidade",3,{"v":1,"d":"1.0"},{"v":1.67,"d":"1.7"},{"v":3,"d":"3.0"},{"v":5,"d":"5.0"}]
["Grade aradora (tipo romi)","unidade",17,{"v":1,"d":"1.0"},{"v":1.06,"d":"1.1"},{"v":2,"d":"2.0"},{"v":18,"d":"18.0"}]
["Grade niveladora","unidade",15,{"v":1,"d":"1.0"},{"v":1.07,"d":"1.1"},{"v":2,"d":"2.0"},{"v":16,"d":"16.0"}]
["Misturador de racao","unidade",1,{"v":1,"d":"1.0"},{"v":1,"d":"1.0"},{"v":1,"d":"1.0"},{"v":1,"d":"1.0"}]
["Mmicrotrator","unidade",2,{"v":1,"d":"1.0"},{"v":1,"d":"1.0"},{"v":1,"d":"1.0"},{"v":2,"d":"2.0"}]
["Ordenhadeira mecanica","unidade",1,{"v":2,"d":"2.0"},{"v":2,"d":"2.0"},{"v":2,"d":"2.0"},{"v":2,"d":"2.0"}]
["Pulverizador tratorizado","unidade",13,{"v":1,"d":"1.0"},{"v":1.23,"d":"1.2"},{"v":2,"d":"2.0"},{"v":16,"d":"16.0"}]
["Resfriador de leite, tanque expansao","unidade",2,{"v":1,"d":"1.0"},1.5,{"v":2,"d":"2.0"},{"v":3,"d":"3.0"}]
["Retroescavadeira","unidade",1,{"v":1,"d":"1.0"},{"v":1,"d":"1.0"},{"v":1,"d":"1.0"},{"v":1,"d":"1.0"}]
["Roçadeira costal","unidade",6,{"v":1,"d":"1.0"},{"v":1.67,"d":"1.7"},{"v":4,"d":"4.0"},{"v":10,"d":"10.0"}]
["Roçadeira tratorizada","unidade",25,{"v":1,"d":"1.0"},{"v":1.16,"d":"1.2"},{"v":2,"d":"2.0"},{"v":29,"d":"29.0"}]
["Roçadora","unidade",4,{"v":1,"d":"1.0"},{"v":1.75,"d":"1.8"},{"v":4,"d":"4.0"},{"v":7,"d":"7.0"}]
["Semeadeira/adubadeira para plantio convencional","unidade",4,{"v":1,"d":"1.0"},{"v":1,"d":"1.0"},{"v":1,"d":"1.0"},{"v":4,"d":"4.0"}]
["Semeadeira/plantadeira plantio direto","unidade",4,{"v":1,"d":"1.0"},{"v":1,"d":"1.0"},{"v":1,"d":"1.0"},{"v":4,"d":"4.0"}]
["Tecnologias de gps para controle de máquinas","unidade",2,{"v":1,"d":"1.0"},{"v":1,"d":"1.0"},{"v":1,"d":"1.0"},{"v":2,"d":"2.0"}]
["Trator de pneus  acima de 85 cv","unidade",18,{"v":1,"d":"1.0"},{"v":3.06,"d":"3.1"},{"v":29,"d":"29.0"},{"v":55,"d":"55.0"}]
["Trator de pneus até 65 cv","unidade",19,{"v":1,"d":"1.0"},{"v":1.05,"d":"1.1"},{"v":2,"d":"2.0"},{"v":20,"d":"20.0"}]
["Trator de pneus de 66 cv a 85 cv","unidade",10,{"v":1,"d":"1.0"},1.5,{"v":4,"d":"4.0"},{"v":15,"d":"15.0"}]
["Acude/represa","unidade",30,{"v":1,"d":"1.0"},1.5,{"v":5,"d":"5.0"},{"v":45,"d":"45.0"}]
["Almoxarifado/oficina","unidade",14,{"v":1,"d":"1.0"},{"v":1,"d":"1.0"},{"v":1,"d":"1.0"},{"v":14,"d":"14.0"}]
["Armazem para graos ensacados","sacas",4]
["Balanca para bovinos","unidade",3,{"v":1,"d":"1.0"},{"v":1.67,"d":"1.7"},{"v":3,"d":"3.0"},{"v":5,"d":"5.0"}]
["Barracao para granja/avicultura","unidade",3,{"v":1,"d":"1.0"},{"v":1,"d":"1.0"},{"v":1,"d":"1.0"},{"v":3,"d":"3.0"}]
["Barracao/galpao/garagem","unidade",56,{"v":1,"d":"1.0"},{"v":1.18,"d":"1.2"},{"v":4,"d":"4.0"},{"v":66,"d":"66.0"}]
["Casa de moradia habitada","unidade",56,{"v":1,"d":"1.0"},{"v":3.48,"d":"3.5"},{"v":50,"d":"50.0"},{"v":195,"d":"195.0"}]
["Casa de moradia total","unidade",20,{"v":1,"d":"1.0"},{"v":5.85,"d":"5.9"},{"v":50,"d":"50.0"},{"v":117,"d":"117.0"}]
["Curral/mangueira","unidade",17,{"v":1,"d":"1.0"},{"v":1.12,"d":"1.1"},{"v":3,"d":"3.0"},{"v":19,"d":"19.0"}]
["Deposito/tulha","unidade",3,{"v":1,"d":"1.0"},{"v":1.33,"d":"1.3"},{"v":2,"d":"2.0"},{"v":4,"d":"4.0"}]
["Estabulo","unidade",6,{"v":1,"d":"1.0"},{"v":2.83,"d":"2.8"},{"v":10,"d":"10.0"},{"v":17,"d":"17.0"}]
["Estacao/posto meteorologico","unidade",1,{"v":1,"d":"1.0"},{"v":1,"d":"1.0"},{"v":1,"d":"1.0"},{"v":1,"d":"1.0"}]
["Estufa/plasticultura","m2",6]
["Fabrica de racao","unidade",1,{"v":1,"d":"1.0"},{"v":1,"d":"1.0"},{"v":1,"d":"1.0"},{"v":1,"d":"1.0"}]
["Instalacoes para equinos","unidade",3,{"v":1,"d":"1.0"},{"v":2.67,"d":"2.7"},{"v":6,"d":"6.0"},{"v":8,"d":"8.0"}]
["Pocilga","unidade",3,{"v":1,"d":"1.0"},{"v":1,"d":"1.0"},{"v":1,"d":"1.0"},{"v":3,"d":"3.0"}]
["Poco semi-artesiano","unidade",15,{"v":1,"d":"1.0"},{"v":1.07,"d":"1.1"},{"v":2,"d":"2.0"},{"v":16,"d":"16.0"}]
["Silo para graos","ton",1]
["Silo para silagem","ton",2]
["Terreiro","m2",1]
["Fonte: Secretaria de Agricultura e Abastecimento, CDRS/IEA, Projeto LUPA."]
[]
["TABELA 373.4 - Outras Estatísticas Agrícolas, Município de Nova Odessa, Estado de São Paulo, 2016/17."]
["ITEM","Número de UPAs",null,"Percentual"]
["Faz Parte de Associação de Produtores",6,null,{"v":5.172413793103449,"d":"5.2"}]
["Faz Parte de Cooperativa de Produtores",30,null,{"v":25.862068965517242,"d":"25.9"}]
["Faz Parte do Sindicato de Produtores",2,null,{"v":1.7241379310344829,"d":"1.7"}]
["Não utiliza assistência técnica ",57,null,{"v":49.13793103448276,"d":"49.1"}]
["Utiliza somente assistência técnica governamental ",32,null,{"v":27.586206896551722,"d":"27.6"}]
["Utiliza somente assistência técnica privada ",24,null,{"v":20.689655172413794,"d":"20.7"}]
["Utiliza assistência técnica tanto governamental quanto privada",3,null,{"v":2.5862068965517246,"d":"2.6"}]
["Utiliza Crédito Rural",9,null,{"v":7.758620689655173,"d":"7.8"}]
["Utiliza Seguro Rural",5,null,{"v":4.310344827586206,"d":"4.3"}]
["Utiliza Escrituração Agrícola",40,null,{"v":34.48275862068965,"d":"34.5"}]
["Acessa Internet p/ Fins na Agropecuária",16,null,{"v":13.793103448275863,"d":"13.8"}]
["Utiliza Computador nas Atividades Agropecuárias",27,null,{"v":23.275862068965516,"d":"23.3"}]
["Utiliza Energia Elétrica Para Uso na Atividade Agrícola",51,null,{"v":43.96551724137931,"d":"44.0"}]
["Utiliza Energia Alternativa",3,null,{"v":2.5862068965517246,"d":"2.6"}]
["Realiza Análise de Solo, quando necessário",37,null,{"v":31.896551724137932,"d":"31.9"}]
["Realiza Calagem",40,null,{"v":34.48275862068965,"d":"34.5"}]
["Utiliza Práticas de Conservação de Solo, quando necessário",41,null,{"v":35.3448275862069,"d":"35.3"}]
["Faz Adubação Mineral, quando necessário",45,null,{"v":38.79310344827586,"d":"38.8"}]
["Faz Adubação Orgânica, quando necessário",17,null,{"v":14.655172413793103,"d":"14.7"}]
["Faz Adubação Verde, quando necessário",15,null,{"v":12.931034482758621,"d":"12.9"}]
["Utiliza Manejo Integrado de Pragas (MIP)",2,null,{"v":1.7241379310344829,"d":"1.7"}]
["Utiliza Hidroponia",1,null,{"v":0.8620689655172414,"d":"0.9"}]
["Utiliza Cultivo em Estufa",4,null,{"v":3.4482758620689657,"d":"3.4"}]
["Utiliza Mudas Fiscalizadas",3,null,{"v":2.5862068965517246,"d":"2.6"}]
["Utiliza Semente Melhorada",16,null,{"v":13.793103448275863,"d":"13.8"}]
["Faz Confinamento de Bovinos","-",null,"-"]
["Utiliza Pastejo Intensivo",3,null,{"v":2.5862068965517246,"d":"2.6"}]
["Faz Inseminação Artificial",3,null,{"v":2.5862068965517246,"d":"2.6"}]
["Faz Mineralização do Rebanho",7,null,{"v":6.03448275862069,"d":"6.0"}]
["Faz Vermifugação do Rebanho",7,null,{"v":6.03448275862069,"d":"6.0"}]
["Possui Parceiros /Arrendatários na Exploração Animal","-",null,"-"]
["Existência de trabalhadores c/ deficiência na UPA","-",null,"-"]
["Esporte e lazer",6,null,{"v":5.172413793103449,"d":"5.2"}]
["Extração mineral",2,null,{"v":1.7241379310344829,"d":"1.7"}]
["Hotel Fazenda, Pousada ou SPA","-",null,"-"]
["Pesque-pague",3,null,{"v":2.5862068965517246,"d":"2.6"}]
["Restaurante ou Lanchonete","-",null,"-"]
["Transformação artesanal","-",null,"-"]
["Turismo rural ou ecoturismo","-",null,"-"]
["Outras atividades econômicas rurais",6,null,{"v":5.172413793103449,"d":"5.2"}]
["Agroindústria","-",null,"-"]
["Proprietário sem instrução ou com instrução incompleta","-",null,"-"]
["Proprietário com antigo primário completo",1,null,{"v":0.8620689655172414,"d":"0.9"}]
["Proprietário com 1° grau (ou antigo ginasial) completo",26,null,{"v":22.413793103448274,"d":"22.4"}]
["Proprietário com 2° grau (ou antigo colegial) completo",57,null,{"v":49.137931034482754,"d":"49.1"}]
["Proprietário com curso superior completo ",20,null,{"v":17.241379310344826,"d":"17.2"}]
["Pessoa Jurídica",12,null,{"v":10.344827586206895,"d":"10.3"}]
["Proprietário residente na própria UPA ",15,null,{"v":12.931034482758621,"d":"12.9"}]
["Fonte: Secretaria de Agricultura e Abastecimento, CDRS/IEA, Projeto LUPA."]
[]
["TABELA 373.5 - Área Cultivada, Município de Nova Odessa, Estado de São Paulo, 2016/17."]
["CULTURA","N.DE UPAs","MÍNIMO","MÉDIO","MÁXIMO","TOTAL"]
["Braquiaria",38,{"v":1,"d":"1.0"},{"v":30.48,"d":"30.5"},{"v":435,"d":"435.0"},{"v":1158.4,"d":"1,158.4"}]
["Cana-de-acucar finalidade industria",16,{"v":3,"d":"3.0"},{"v":46.69,"d":"46.7"},{"v":190,"d":"190.0"},{"v":747,"d":"747.0"}]
["Milho safra",28,{"v":1,"d":"1.0"},{"v":13.17,"d":"13.2"},{"v":38,"d":"38.0"},368.8]
["Soja",12,{"v":2,"d":"2.0"},13.9,32.2,166.8]
["Milho-silagem",3,{"v":5,"d":"5.0"},48.6,70.8,145.8]
["Cana-de-acucar outras finalidades",1,100.9,100.9,100.9,100.9]
["Sorgo-forrageiro",1,{"v":30,"d":"30.0"},{"v":30,"d":"30.0"},{"v":30,"d":"30.0"},{"v":30,"d":"30.0"}]
["Eucalipto",2,2.5,{"v":14.05,"d":"14.1"},25.6,28.1]
["Tomate envarado",3,0.1,{"v":5.03,"d":"5.0"},{"v":11,"d":"11.0"},15.1]
["Mandioca",2,0.5,{"v":5.25,"d":"5.3"},{"v":10,"d":"10.0"},10.5]
["Alface",6,0.2,{"v":0.93,"d":"0.9"},{"v":3,"d":"3.0"},5.6]
["Outras olericolas",4,0.2,{"v":1.18,"d":"1.2"},{"v":3,"d":"3.0"},4.7]
["Floricultura para vaso",1,{"v":4,"d":"4.0"},{"v":4,"d":"4.0"},{"v":4,"d":"4.0"},{"v":4,"d":"4.0"}]
["Banana",1,{"v":3,"d":"3.0"},{"v":3,"d":"3.0"},{"v":3,"d":"3.0"},{"v":3,"d":"3.0"}]
["Outros viveiros",1,{"v":2,"d":"2.0"},{"v":2,"d":"2.0"},{"v":2,"d":"2.0"},{"v":2,"d":"2.0"}]
["Repolho",1,1.6,1.6,1.6,1.6]
["Jabuticaba",1,1.5,1.5,1.5,1.5]
["Manga",1,1.5,1.5,1.5,1.5]
["Horta domestica",1,{"v":1,"d":"1.0"},{"v":1,"d":"1.0"},{"v":1,"d":"1.0"},{"v":1,"d":"1.0"}]
["Abacate",2,0.2,{"v":0.35,"d":"0.4"},0.5,0.7]
["Cebolinha",2,0.2,{"v":0.35,"d":"0.4"},0.5,0.7]
["Couve (ou couve-crespa)",2,0.1,0.3,0.5,0.6]
["Berinjela",2,0.1,0.3,0.5,0.6]
["Abobora (ou jerimum)",1,0.4,0.4,0.4,0.4]
["Beterraba",1,0.4,0.4,0.4,0.4]
["Quiabo",1,0.4,0.4,0.4,0.4]
["Cenoura",1,0.3,0.3,0.3,0.3]
["Brocolos (ou brocolis)",1,0.1,0.1,0.1,0.1]
["Chicoria (ou chicoria-de-folha-crespa)",1,0.1,0.1,0.1,0.1]
["Couve-flor",1,0.1,0.1,0.1,0.1]
["Acelga",1,0.1,0.1,0.1,0.1]
["Milho-doce(verde)",1,0.1,0.1,0.1,0.1]
["Fonte: Secretaria de Agricultura e Abastecimento, CDRS/IEA, Projeto LUPA."]